[Chronica Das ist: Warhafftige Beschreibunge aller alten Christlichen Kirchen. Zum ersten, die Historia Ecclesiastica Eusebij Pamphili Cesariensis, eliff Bücher. Zum andern, die Historia Ecclesiastica Tripartita, Sozomeni, Socratis, vnnd Theodoreti zwölff Bücher. Zum dritten, die Historia Ecclesiastica, sampt andern treffentlichen geschichten, die züuor in Teutscher sprach wenig gelesen sind, auch zwölff Bücher. Von der zeit an, da die Historia Ecclesiastica Tripartita, auffhöret, das ist, von der jarzal an, vierhundert nach Christi geburt, biß auff das jar, M.D.XLV. /

Main Author: Eusebios z Caesareje, biskup, asi 263-asi 340
Language: German
Published: Gedruckt zu Franckfurt am Mayn : in verlegung Johannis Oporini ; vnd Johannis Herwagens Erben, 1565
Online Access: Digitalizovaný dokument (Exemplář z Národní knihovny ČR)
Physical Description: 1-937 stran ; 2°
Book
Saved in:
LEADER 03910nam a2200637 i 4500
001 mzk03001252647
003 CZ BrMZK
005 20180904135401.0
007 ta
008 180904s1565 gw fr|||||00| ||gerod
040 |a BOA001  |b cze  |e rda 
072 7 |a 27-9  |x Dějiny křesťanské církve  |2 Konspekt  |9 5 
072 7 |a 094  |x Staré tisky  |2 Konspekt  |9 12 
080 |a 27-9  |2 MRF 
080 |a 27  |2 MRF 
080 |a 025.171  |2 MRF 
080 |a (0.068)094  |2 MRF 
100 0 |a Eusebios z Caesareje,  |c biskup,  |d asi 263-asi 340  |7 jo20000075401  |4 aut 
245 1 0 |a [Chronica Das ist: Warhafftige Beschreibunge aller alten Christlichen Kirchen. Zum ersten, die Historia Ecclesiastica Eusebij Pamphili Cesariensis, eliff Bücher. Zum andern, die Historia Ecclesiastica Tripartita, Sozomeni, Socratis, vnnd Theodoreti zwölff Bücher. Zum dritten, die Historia Ecclesiastica, sampt andern treffentlichen geschichten, die züuor in Teutscher sprach wenig gelesen sind, auch zwölff Bücher. Von der zeit an, da die Historia Ecclesiastica Tripartita, auffhöret, das ist, von der jarzal an, vierhundert nach Christi geburt, biß auff das jar, M.D.XLV. /  |c Durch Doct. Caspar Hedion zu Straßburg, verteutschet, vnd züsamen getragen] 
246 3 8 |a EUSEBIJ HISTORIA ECCLESIASTICA 
264 1 |a Gedruckt zu Franckfurt am Mayn :  |b in verlegung Johannis Oporini ; vnd Johannis Herwagens Erben,  |c 1565 
264 3 |b durch Peter Schmid 
300 |a 1-937 stran ;  |c 2° 
336 |a text  |b txt  |2 rdacontent 
337 |a bez média  |b n  |2 rdamedia 
338 |a svazek  |b nc  |2 rdacarrier 
500 |a Výzdoba: Iniciály, viněty 
500 |a Rozsah: 1-937 s. 
500 |a Chybí titulní list a nečíslované strany do strany 1 
500 |a Tiskařské údaje v kolofonu 
561 |a Provenience: [supralibros] SAB (Stephanus Abbas Brevnoviensis = Štěpán Rautenstrauch) 
561 |a Provenience: [m.p.] Emit ex cassata Monastrii Policensis Bibliotheca P. Eusebius Pat. 1787 
561 |a Provenience: [m.p.] nunc Monasterii Braunensis 
561 |a Provenience: [razítko] S.A.B. BRAUNAU 
561 |a Provenience: [razítko] S.A.B. POLITZ 
561 |a Provenience: [razítko] SVK HK/ 3960 
563 |a Polousňová vazba, lepenkové desky polepené hnědým mramorovaným papírem, hřbet a rohy z hověziny, na předních deskách zlacené slepotiskové Supralibros Štěpána Rautenstraucha (V barokní kartuši alianční znak břevnovského kláštera, heraldicky v pravém štítu kosmo položené břevno se třemi suky, v heraldicky levém štítu šikmo tři zlatá břevna, v prostředním tři růže, nad kartuší položená mitra s fimbriemi odletujícími heraldicky vlevo, z pravé strany podložená mitrou, nad mitrou iniciály S. A. B.), na hřbetu zlacený slepotiskový název v zalceném slepotiskovém názvu, mezi vazy zlacený slepotiskový květinový dekor, modře mramorovaná ořízka 
650 7 |a církevní dějiny  |7 ph114283  |2 czenas 
650 7 |a křesťanství  |7 ph115073  |2 czenas 
650 7 |a historické knihovní fondy  |7 ph172933  |2 czenas 
655 7 |a staré tisky  |7 fd422076  |2 czenas 
856 4 2 |u http://books.google.cz/books?vid=NKP:1002622516&printsec=frontcover  |y Digitalizovaný dokument  |z Exemplář z Národní knihovny ČR 
903 |a RP 
910 |a NAG950  |b B - XIX. C. aa. 13,1 
978 |b Oporini, Joannes,  |a Frankfurt a.M.,  |c 1565 
978 |b Herwagen, Johann ml. - dílna  |a Frankfurt a.M.,  |c 1565 
978 |b Schmid, Peter  |a Frankfurt a.M.  |c 1565 
981 1 |a Rautenstrauch, Franz Stephan,  |d 1734-1785  |7 mzk2007395195 
982 0 |a Broumov - benediktinský klášter 
982 0 |a Police nad Metují - benediktinský klášter  |8 1787 
982 0 |a Hradec Králové - SVK 
984 |a Frankfurt nad Mohanem  |b Německo 
985 |a 1551-1600 
990 |a BK 
991 |k broumov 
980 |c 001813  |g B - XIX. C. aa. 13,1  |1 458950001813